Ptaki stwierdzone w polsce na litere L-Ł - Statystyki

Ogólne statystyki
  • Ten quiz został rozwiązany 36 razy
  • Średni wynik to 8 z 11
Statystyki odpowiedzi
Odpowiedź % Poprawnych
łabędź krzykliwy
95%
łabędź niemy
95%
lelek
91%
lerka
82%
łabędź czarnodzioby
77%
łyska
77%
łozówka
73%
łęczak
64%
lodówka
55%
łuskowiec
55%
lodowiec
23%
Nie znaleziono quizów pasujących do podanych kryteriów
Rozkład punktacji
Procent ludzi z każdym wynikiem
Percentyl według liczby udzielonych odpowiedzi
Twoja historia wyników
Nie rozwiązałeś tego quizu